Felicia's favorite story /

সংরক্ষণ করুন:
গ্রন্থ-পঞ্জীর বিবরন
প্রধান লেখক: Newman, Lesléa (লেখক), Romo, Adriana (লেখক)
বিন্যাস: গ্রন্থ
ভাষা:ইংরেজি
প্রকাশিত: Ridley Park : Two Lives Publishing, c2002
ট্যাগগুলো: ট্যাগ যুক্ত করুন
কোনো ট্যাগ নেই, প্রথমজন হিসাবে ট্যাগ করুন!

MARC

LEADER 00000nam a22000007i 4500
001 IT\ICCU\UBO\3687284
003 ItRI
005 20260115231831.0
008 090911s2002 xxu|||||| ||||| |||||c
020 |a 0967446856 
040 |b ita  |c importazione bologna sebina 
041 7 |a eng  |2 ISO-639-2 
100 1 |a Newman, Lesléa  |0 IT\ICCU\VIAV\101308  |4 aut 
245 1 0 |a Felicia's favorite story /  |c by Leslea Newman ; illustrated by Adriana Romo. 
260 |a Ridley Park :  |b Two Lives Publishing,  |c c2002 
300 |a 24 p. :  |b ill. ;  |c 26 cm. 
700 1 |a Romo, Adriana  |0 IT\ICCU\UBOV\357108  |4 aut 
942 |2 ddc  |c BK  |n 0 
952 |0 0  |1 0  |4 0  |6 R_741_642000000000000_NEW  |7 0  |9 13801  |a BO  |b BO  |d 2026-01-15  |i 12977  |l 0  |o R 741.642 NEW  |p BO12977  |r 2026-01-15 23:18:31  |w 2026-01-15  |x [Sebina 5] [1 v.]  |y BK  |z 1 v. 
999 |c 11876  |d 11876